|
|
|
|
| LEADER |
01823nam a2200397 a 4500 |
| 001 |
14210 |
| 003 |
BD-DhAAL |
| 005 |
20230212150357.0 |
| 008 |
100104r19941993nyu b 001 0 eng d |
| 010 |
|
|
|a 93043485
|
| 020 |
|
|
|a 0099967502
|
| 020 |
|
|
|a 0679750541
|
| 020 |
|
|
|a 978099967507
|
| 040 |
|
|
|a DLC
|c DLC
|d DLC
|d BD-DhAAL
|
| 082 |
0 |
0 |
|a 809.894
|
| 100 |
1 |
|
|a Said, Edward W.
|
| 245 |
1 |
0 |
|a Culture and imperialism /
|c Edward W. Said.
|
| 246 |
|
|
|a Culture & imperialism
|
| 250 |
|
|
|a First Vintage Books edition
|
| 260 |
|
|
|a New York :
|b Vintage Books,
|c 1994.
|
| 300 |
|
|
|a xxxii, 443 pages,
|a xxxv, 492 pages ;
|c 21 cm.
|
| 500 |
|
|
|a Originally published: New York : Knopf, 1993.
|
| 504 |
|
|
|a Includes bibliographical references and index.
|
| 526 |
|
|
|a Refugee Studies Unit (RSU), CPJ
|
| 541 |
1 |
|
|e 14210, 40876
|a Book Finder International
|
| 650 |
|
0 |
|a European literature
|x History and criticism
|x Theory, etc.
|9 5623
|
| 650 |
|
0 |
|a Literature
|x History and criticism
|x Theory, etc.
|
| 650 |
|
0 |
|a Imperialism in literature.
|
| 650 |
|
0 |
|a Colonies in literature.
|
| 650 |
|
0 |
|a Politics and culture.
|
| 852 |
4 |
|
|a Ayesha Abed Library
|c General Stacks
|
| 942 |
0 |
0 |
|0 1
|2 ddc
|c BK
|
| 999 |
|
|
|c 6720
|d 6720
|
| 952 |
|
|
|0 0
|1 0
|2 ddc
|4 0
|6 809_894000000000000_SAI_1994
|7 0
|9 6898
|a BRACUL
|b BRACUL
|c GEN
|d 2010-01-06
|l 20
|m 71
|o 809.894 SAI
|p 3010014210
|r 2024-09-02
|s 2024-07-02
|t 1
|w 2010-01-06
|y BK
|
| 952 |
|
|
|0 0
|1 0
|2 ddc
|4 0
|6 809_894000000000000_SAI
|7 0
|9 43839
|a BRACUL
|b BRACUL
|c GEN
|d 2014-10-15
|e Friend's Book Corner
|g 175.00
|l 6
|m 4
|o 809.894 SAI
|p 3010028482
|r 2026-04-07
|s 2026-03-31
|t 2
|w 2014-10-15
|y BK
|x Transferred from BIL to BRACUL on 06/06/22
|
| 952 |
|
|
|0 0
|1 0
|2 ddc
|4 0
|6 809_894000000000000_SAI
|7 0
|9 73137
|a CPJ
|b CPJ
|c RSU
|d 2023-02-07
|e Book Finder International
|g 985.00
|l 0
|o 809.894 SAI
|p 3030040876
|r 2023-02-07
|t 3
|v 985.00
|w 2023-02-07
|y BK
|